American Houses /

Presentación de treinta y siete proyectos residenciales desarrollados en Estados Unidos en las dos últimas décadas. La obra está estructurada con gran cantidad de fotografías y gráficos, con pequeños textos explicativos acompañantes.

Salvato in:
Dettagli Bibliografici
Autore principale: Asensio Cerver, Francisco (autor)
Altri autori: Díaz, Silvana (coordinación editorial) (coordinación editorial)
Natura: Libro
Lingua:spagnolo
Pubblicazione: Barcelona, España : Atrium, 2009, c2009
Soggetti:
Tags: Aggiungi Tag
Nessun Tag, puoi essere il primo ad aggiungerne!!

MARC

LEADER 00000nam^a2200000^a^4500
001 000317001
005 20250521000000.0
009 20260310113329.72
020 |a 978-84-96598-20-1 
037 |a Acervo ITESO - Biblioteca 
041 |a ESP 
082 |a 720. 973  |b ASE 
100 |a Asensio Cerver, Francisco  |e (autor) 
245 1 0 |a American Houses /  |c F. Asensio Cerver ; coord. editorial de S. Díaz. 
246 2 |a Título en la cubierta: American Houses: el sueño americano de los grandes arquitectos contemporáneos 
264 4 |a Barcelona, España :  |b Atrium,  |c 2009, c2009 
300 |a 359 p. 
336 |a texto  |b txt  |2 rdacontenido 
337 |a sin mediación  |b n  |2 rdamedio 
338 |a volumen  |b nc  |2 rdasoporte 
520 |a Presentación de treinta y siete proyectos residenciales desarrollados en Estados Unidos en las dos últimas décadas. La obra está estructurada con gran cantidad de fotografías y gráficos, con pequeños textos explicativos acompañantes. 
649 |a XX 
650 |a Residencias -  |z EUA -  |x Tema Principal 
650 |a Vivienda -  |z EUA 
650 |a Arquitectura (Tendencias Recientes) -  |z EUA 
650 |a Arquitectura Norteamericana -  |y Siglo XX 
650 |a Arquitectura Norteamericana -  |y Siglo XXI 
650 |a Arquitectura Norteamericana -  |x Historia y Crítica 
650 |a Arte (Tendencias Recientes) -  |z EUA 
650 |a Arte Norteamericano -  |y Siglo XX 
650 |a Arte Norteamericano -  |y Siglo XXI 
650 |a Arte Norteamericano -  |x Historia y Crítica 
700 |a Díaz, Silvana  |e (coordinación editorial) 
910 |a Fondo General 
920 |a Impresos - Libros 
930 |a Reserva Especial 
905 |a 103 
901 |a 0500203749  |b IT1  |c REE  |i C130111  |u 20250521 
902 |a https://opac.biblio.iteso.mx/vufind/Record/000317001